[Event "London Classic Open 2016"]
[Site "London ENG"]
[Date "2016.12.09"]
[Round "1.99"]
[White "Brooks, Phil J"]
[Black "Leko, Ian E"]
[Result "1-0"]
[WhiteElo "2163"]
[BlackElo "1588"]
[WhiteFideId "405540"]
[BlackFideId "452173"]
[EventDate "2016.12.09"]

1. d4 d5 2. c4 c6 3. cxd5 cxd5 4. Nc3 Nf6 5. Bf4 Nc6 6. e3 Bf5 7. Qb3 Na5 8.
Qa4+ Bd7 9. Qc2 Rc8 10. Bd3 e6 11. Nf3 Nc4 12. O-O Bd6 13. Bxd6 Nxd6 14. Qb3 O-O
15. Ne5 a6 16. Rfc1 Rc7 17. Ne2 Bb5 18. Rxc7 Qxc7 19. Rc1 Qb8 20. Bxb5 Nxb5 21.
a4 Nd6 22. Qb6 Rc8 23. Rxc8+ Nxc8 24. Qd8+ 1-0

[Event "London Classic Open 2016"]
[Site "London ENG"]
[Date "2016.12.09"]
[Round "1.100"]
[White "Haddock, Paul"]
[Black "Garcia Martinez, Marcos"]
[Result "0-1"]
[WhiteElo "1569"]
[BlackElo "2160"]
[WhiteFideId "419150"]
[BlackFideId "22245073"]
[EventDate "2016.12.09"]

1. e4 e6 2. d4 d5 3. Nd2 Nf6 4. e5 Nfd7 5. Bd3 c5 6. c3 Nc6 7. Ndf3 Be7 8. Ne2
a5 9. O-O cxd4 10. cxd4 Nb6 11. Nc3 Bd7 12. Be3 Nb4 13. Bb5 a4 14. a3 Bxb5 15.
Nxb5 Nc6 16. Qe2 Nc4 17. Nd2 N6a5 18. Nxc4 Nxc4 19. Rab1 Qd7 20. Nc3 O-O 21. f4
f6 22. h3 b5 23. Bd2 Rac8 24. Rbe1 fxe5 25. fxe5 b4 26. axb4 Bxb4 27. Rxf8+ Rxf8
28. Bc1 a3 29. bxa3 Bxc3 30. Rd1 Qa7 31. Qg4 Qf7 32. Qe2 Qg6 33. Rd3 Be1 34. Rf3
Rxf3 35. Qxf3 Qf5 36. Qe2 Bg3 37. Qf3 Qxf3 38. gxf3 Be1 39. a4 Bc3 40. f4 Bxd4+
41. Kf1 Be3 42. Bxe3 Nxe3+ 43. Ke2 Nc4 44. Kf3 Kf7 45. a5 Nxa5 46. Ke3 Kg6 0-1

[Event "London Classic Open 2016"]
[Site "London ENG"]
[Date "2016.12.09"]
[Round "1.101"]
[White "Bates, Caspar J"]
[Black "Lie, Terje"]
[Result "1/2-1/2"]
[WhiteElo "2156"]
[BlackElo "1563"]
[WhiteFideId "414760"]
[BlackFideId "1504916"]
[EventDate "2016.12.09"]

1. Nf3 Nf6 2. c4 e6 3. e3 c5 4. b3 Nc6 5. Bb2 Be7 6. d4 cxd4 7. exd4 d5 8. Nbd2
O-O 9. Bd3 h6 10. O-O b6 11. Rc1 Bb7 12. Re1 Rc8 13. a3 Nh5 14. Bb1 Nf4 15. Qc2
g6 16. g3 Nh5 17. Rxe6 Nf6 18. Re2 Re8 19. Rce1 Bf8 20. Rxe8 Nxe8 21. Ne5 Nxe5
22. dxe5 Ng7 23. e6 f5 24. Qc3 Qe7 25. Qe5 dxc4 26. Nxc4 Rc6 27. Qb8 Rxe6 28.
Rxe6 Nxe6 29. h4 Qd7 30. Ne3 Qc6 31. Kf1 Ba6+ 32. Kg1 Bb7 33. Kf1 Qh1+ 34. Ke2
Qf3+ 35. Kf1 Qh1+ 36. Ke2 Qf3+ 37. Kf1 Ba6+ 38. Kg1 Bb7 1/2-1/2

[Event "London Classic Open 2016"]
[Site "London ENG"]
[Date "2016.12.09"]
[Round "1.102"]
[White "Rushbrooke, Tibo"]
[Black "Cumming, Rhys"]
[Result "0-1"]
[WhiteElo "1502"]
[BlackElo "2156"]
[WhiteFideId "433900"]
[BlackFideId "470163"]
[EventDate "2016.12.09"]

1. e4 e5 2. Nf3 Nc6 3. Nc3 Nf6 4. d4 exd4 5. Nxd4 Bb4 6. Nxc6 bxc6 7. Bd3 O-O 8.
O-O d5 9. exd5 cxd5 10. Bg5 c6 11. Ne2 Bg4 12. h3 Bh5 13. c3 Bd6 14. Qc2 Bg6 15.
Nd4 Bc7 16. f4 Bxd3 17. Qxd3 Bb6 18. Kh1 Qd6 19. Nf5 Qe6 20. Bxf6 Qxf6 21. Rae1
Rae8 22. g4 Kh8 23. Re2 Re6 24. Rfe1 Rfe8 25. Nd6 Rxe2 26. Rxe2 Re7 27. Nc8 Qxf4
28. Kg2 Rxe2+ 29. Qxe2 Be3 30. Nd6 Qxd6 31. Qxe3 Qd7 32. Qc5 h6 33. Kf2 Kh7 34.
Qe3 Qb7 35. b3 Qc7 36. Kg2 Qd7 37. Qd4 Qe7 38. Kf3 Qh4 39. Kg2 Qe7 40. Kf3 g6
41. a4 a6 42. Qf4 Kg7 43. Qd4+ Qf6+ 44. Ke3 Qxd4+ 45. Kxd4 f5 46. Ke5 fxg4 47.
hxg4 h5 48. gxh5 gxh5 49. Kf5 Kf7 50. c4 dxc4 51. bxc4 Ke7 0-1

[Event "London Classic Open 2016"]
[Site "London ENG"]
[Date "2016.12.09"]
[Round "1.104"]
[White "Spychala, Josefa"]
[Black "Zoltek, Tadeusz"]
[Result "0-1"]
[BlackTitle "FM"]
[WhiteElo "1466"]
[BlackElo "2140"]
[WhiteFideId "1136208"]
[BlackFideId "1101048"]
[EventDate "2016.12.09"]

1. d4 Nf6 2. c4 c5 3. Nf3 cxd4 4. Nxd4 Nc6 5. Nc3 Qb6 6. Nxc6 dxc6 7. e4 e5 8.
Bd3 Bc5 9. O-O Bd4 10. Qc2 O-O 11. h3 Re8 12. b3 Nh5 13. Na4 Qd8 14. Bb2 Bxb2
15. Nxb2 Qg5 16. Kh1 Qh4 17. Kh2 Nf4 0-1

[Event "London Classic Open 2016"]
[Site "London ENG"]
[Date "2016.12.09"]
[Round "1.105"]
[White "Britton, Richard L"]
[Black "Bhavik Ahuja"]
[Result "1-0"]
[WhiteTitle "FM"]
[WhiteElo "2139"]
[BlackElo "1344"]
[WhiteFideId "401692"]
[BlackFideId "46647392"]
[EventDate "2016.12.09"]

1. e4 e6 2. d3 d5 3. Nd2 c5 4. Ngf3 Nc6 5. g3 Nf6 6. Bg2 g6 7. O-O Bg7 8. Re1
O-O 9. c3 Nd7 10. Nf1 b6 11. exd5 exd5 12. d4 Bb7 13. Bg5 Nf6 14. Ne5 Re8 15.
Qd2 Qc7 16. Bxf6 Bxf6 17. f4 Rad8 18. Ne3 Nxe5 19. fxe5 Bg7 20. Rf1 Qd7 21. Rf2
cxd4 22. cxd4 Bh6 23. Raf1 Re7 24. h4 Rc8 25. Kh2 Rc4 26. b3 Rc7 27. Rf6 Ba6 28.
R1f2 Qc8 29. Bh3 Qe8 30. Qe1 Bxe3 31. Qxe3 Bc8 32. Bg2 Bb7 33. h5 Qc8 34. Bh3
Rc3 35. Qd2 Qc7 36. hxg6 hxg6 37. Qh6 Bc8 38. Rxg6+ fxg6 39. Rf8# 1-0

[Event "London Classic Open 2016"]
[Site "London ENG"]
[Date "2016.12.09"]
[Round "1.108"]
[White "Ronka, Erik"]
[Black "Garcia Serrano, Jose M.2"]
[Result "1-0"]
[WhiteElo "2262"]
[BlackElo "1913"]
[WhiteFideId "505080"]
[BlackFideId "2285215"]
[EventDate "2016.12.09"]

1. d4 d5 2. c4 e6 3. Nc3 Be7 4. cxd5 exd5 5. Bf4 c6 6. e3 Bf5 7. g4 Be6 8. h3
Nf6 9. Bd3 O-O 10. Nf3 Nbd7 11. Qc2 Kh8 12. Ng5 c5 13. Bxh7 cxd4 14. exd4 Qb6
15. Bd3 Qxd4 16. Be3 Qe5 17. Nf3 Qd6 18. O-O-O Rfc8 19. g5 Nh5 20. Qd2 Nc5 21.
Bc2 b5 22. Nxb5 Qa6 23. Bxc5 Rxc5 24. Nc3 d4 25. Qxd4 Rac8 26. Rd2 Rc4 27. Qe3
Nf4 28. Ne5 Rxc3 29. Qxf4 Rxc2+ 30. Rxc2 Rxc2+ 31. Kxc2 Qe2+ 32. Kb1 Qa6 33. a3
Bd6 34. Nxf7+ Bxf7 35. Qxf7 Qd3+ 36. Ka1 Bxa3 37. Qe8+ Kh7 38. Qh5+ Kg8 39. Qd1
Bxb2+ 40. Kxb2 Qb5+ 41. Qb3+ 1-0

[Event "London Classic Open 2016"]
[Site "London ENG"]
[Date "2016.12.09"]
[Round "1.109"]
[White "Opasiak, Dustin Tennessee"]
[Black "Richardson, John R"]
[Result "0-1"]
[BlackTitle "FM"]
[WhiteElo "1823"]
[BlackElo "2248"]
[WhiteFideId "24630217"]
[BlackFideId "401617"]
[EventDate "2016.12.09"]

1. e4 c6 2. d4 d5 3. Nc3 dxe4 4. Nxe4 Bf5 5. Ng3 Bg6 6. N1e2 e6 7. Nf4 Bd6 8.
Bc4 Nf6 9. Ngh5 Nxh5 10. Nxh5 Qa5+ 11. c3 Qxh5 12. Qb3 b5 13. Bxe6 Bd3 14. Be3
Qe2# 0-1

[Event "London Classic Open 2016"]
[Site "London ENG"]
[Date "2016.12.09"]
[Round "1.110"]
[White "Tirado Parra, Alberto"]
[Black "Stigar, Petter"]
[Result "0-1"]
[BlackTitle "FM"]
[WhiteElo "1908"]
[BlackElo "2236"]
[WhiteFideId "2265354"]
[BlackFideId "1500341"]
[EventDate "2016.12.09"]

1. f4 d5 2. Nf3 Nf6 3. e3 Bg4 4. b3 Nbd7 5. Bb2 e6 6. Be2 Bxf3 7. Bxf3 Bd6 8. d4
O-O 9. Nd2 c5 10. c3 cxd4 11. cxd4 Qe7 12. O-O Rfc8 13. Rc1 Ba3 14. Bxa3 Qxa3
15. Rc2 Nb6 16. Qc1 Qb4 17. Rc5 Rxc5 18. dxc5 Nbd7 19. c6 bxc6 20. Qxc6 Nb6 21.
Rc1 h6 22. Qc2 Rc8 23. Qb2 Rxc1+ 24. Qxc1 d4 25. e4 Qc3 26. Qe1 Nfd7 27. Kf1 Nc5
28. Be2 Qe3 0-1

[Event "London Classic Open 2016"]
[Site "London ENG"]
[Date "2016.12.09"]
[Round "1.111"]
[White "Karayiannis, Costas"]
[Black "Barasi, Paul Dl"]
[Result "1-0"]
[WhiteElo "2159"]
[BlackElo "1770"]
[WhiteFideId "405183"]
[BlackFideId "432830"]
[EventDate "2016.12.09"]

1. d4 d5 2. c4 Nc6 3. Nc3 dxc4 4. Nf3 Nf6 5. Bg5 Nd5 6. e4 Nxc3 7. bxc3 Na5 8.
Bxc4 Nxc4 9. Qa4+ c6 10. Qxc4 Be6 11. Qd3 Qa5 12. O-O b5 13. Rfb1 Bc4 14. Qc2 f6
15. Be3 Qc7 16. a4 a6 17. Nd2 e6 18. Nxc4 bxc4 19. Qe2 Bd6 20. h3 O-O 21. Qxc4
Rfe8 22. Rb3 a5 23. Rab1 Kh8 24. Qd3 c5 25. Rb7 Qc8 26. Qb5 cxd4 27. cxd4 e5 28.
d5 Qc2 29. Qd7 Be7 30. d6 Bf8 31. Bh6 1-0

[Event "London Classic Open 2016"]
[Site "London ENG"]
[Date "2016.12.09"]
[Round "1.112"]
[White "Woong, Zhi Wei William"]
[Black "Gross, Willi"]
[Result "1-0"]
[WhiteTitle "CM"]
[WhiteElo "2000"]
[BlackElo "2144"]
[WhiteFideId "5804906"]
[BlackFideId "1270470"]
[EventDate "2016.12.09"]

1. e4 c5 2. Nf3 Nc6 3. Bb5 g6 4. O-O Bg7 5. c3 Nf6 6. d4 cxd4 7. cxd4 d5 8. e5
Nd7 9. Nc3 Nb6 10. h3 O-O 11. b3 f6 12. exf6 exf6 13. a4 a5 14. Re1 Re8 15. Ra2
Be6 16. Ba3 Bf8 17. Bc5 Nd7 18. Rae2 Nxc5 19. dxc5 Bf7 20. Rxe8 Bxe8 21. Nd4
Bxc5 22. Ne6 Qd6 23. Nxd5 Ne5 24. Nxc5 1-0

[Event "London Classic Open 2016"]
[Site "London ENG"]
[Date "2016.12.09"]
[Round "1.113"]
[White "Seymour, Timothy P"]
[Black "Rogacewicz, Mikolaj"]
[Result "1-0"]
[WhiteElo "2060"]
[BlackElo "1765"]
[WhiteFideId "412112"]
[BlackFideId "21842981"]
[EventDate "2016.12.09"]

1. e4 e6 2. d4 d5 3. Nd2 Nf6 4. e5 Nfd7 5. Bd3 c5 6. c3 Nc6 7. Ne2 cxd4 8. cxd4
f6 9. exf6 Nxf6 10. O-O Bd6 11. Nf3 Qc7 12. Bg5 O-O 13. Rc1 Bd7 14. Re1 Ne4 15.
Bh4 Bb4 16. Nc3 Nxc3 17. bxc3 Ba3 18. Bg3 Qd8 19. Rb1 b6 20. Ne5 Nxe5 21. Bxe5
Qh4 22. Qc2 Rf7 23. Re3 Ba4 24. Qe2 Raf8 25. Rh3 1-0

[Event "London Classic Open 2016"]
[Site "London ENG"]
[Date "2016.12.09"]
[Round "1.114"]
[White "Roebuck, Derek"]
[Black "Czopor, Maciej"]
[Result "1/2-1/2"]
[WhiteElo "1653"]
[BlackElo "2035"]
[WhiteFideId "3226999"]
[BlackFideId "21805431"]
[EventDate "2016.12.09"]

1. e4 c5 2. Nf3 e6 3. c3 Nf6 4. e5 Nd5 5. d4 cxd4 6. cxd4 d6 7. Bc4 Nc6 8. O-O
Be7 9. Nc3 Nxc3 10. bxc3 dxe5 11. Nxe5 Nxe5 12. dxe5 Qxd1 13. Rxd1 Bd7 14. Be3
Rc8 15. Bb3 Bc5 16. Bxc5 Rxc5 17. Rd3 Ke7 18. Re3 Rhc8 19. Rc1 b5 20. a3 Bc6 21.
f4 Rd8 22. Rd1 Rxd1+ 23. Bxd1 Kd7 24. Kf2 Kc7 25. g3 Rd5 26. Bb3 Rd2+ 27. Re2
Rd3 28. Re3 Rd2+ 29. Re2 Rd3 30. Re3 1/2-1/2

[Event "London Classic Open 2016"]
[Site "London ENG"]
[Date "2016.12.09"]
[Round "1.115"]
[White "Millward, Kevin P"]
[Black "Bratteteig, Tore-Inge"]
[Result "1-0"]
[WhiteElo "2027"]
[BlackElo "1698"]
[WhiteFideId "404721"]
[BlackFideId "1510711"]
[EventDate "2016.12.09"]

1. d4 Nf6 2. Bf4 e6 3. e3 d5 4. Nf3 Nbd7 5. Bd3 c5 6. c3 c4 7. Bc2 b5 8. Nbd2 a5
9. e4 dxe4 10. Nxe4 Nxe4 11. Bxe4 Ra7 12. Qe2 Be7 13. O-O Bb7 14. Rad1 Nf6 15.
Bxb7 Rxb7 16. Ne5 Qd5 17. Rfe1 O-O 18. Bg5 Rc8 19. Bxf6 Bxf6 20. Ng4 Be7 21. Ne3
Qc6 22. d5 exd5 23. Nxd5 Bf8 24. Qf3 Kh8 25. Re2 Rd7 26. Red2 Rcd8 27. Qe4 Qe6
28. f3 Bc5+ 29. Kf1 Qh6 30. Ne3 Rxd2 31. Rxd2 Rf8 32. Kf2 Qb6 33. Re2 Rd8 34.
Kg3 Qg6+ 35. Qxg6 hxg6 36. Ng4 f6 37. h4 Kg8 38. Nf2 Bxf2+ 39. Kxf2 Kf7 40. g4
Rd5 41. Ke1 Rd3 42. Kf2 Rd5 43. Kg3 Rd3 44. Kf4 Rd5 45. Rh2 Rd3 46. Re2 Rd5 47.
Rc2 Ke6 48. Re2+ Kf7 49. Rh2 Rd3 50. Ke4 Ke6 51. Rg2 Rd8 52. Rh2 Rd1 53. Re2 Kf7
54. Kf4 Rd5 55. g5 Rf5+ 56. Kg4 Rd5 57. Rc2 Rd1 58. Kf4 Rd5 59. Ke4 Rd8 60. b3
Ke6 61. bxc4 bxc4 62. Rb2 Rd5 63. Rb6+ Rd6 64. Rxd6+ Kxd6 65. Kd4 Kc6 66. a4 Kd6
67. Kxc4 Kc6 68. Kd4 Kd6 69. c4 1-0

[Event "London Classic Open 2016"]
[Site "London ENG"]
[Date "2016.12.10"]
[Round "2.1"]
[White "Bates, Richard A"]
[Black "Safarli, Eltaj"]
[Result "0-1"]
[WhiteTitle "IM"]
[BlackTitle "GM"]
[WhiteElo "2347"]
[BlackElo "2691"]
[WhiteFideId "403555"]
[BlackFideId "13402129"]
[EventDate "2016.12.09"]

1. d4 Nf6 2. Nf3 g6 3. c4 Bg7 4. g3 d5 5. cxd5 Nxd5 6. Bg2 O-O 7. O-O c5 8. Nc3
Nxc3 9. bxc3 Be6 10. Be3 Nc6 11. Qd2 Qa5 12. Bh6 Bd5 13. Bxg7 Kxg7 14. Qe3 cxd4
15. cxd4 Rfd8 16. Rfd1 Qa4 17. Rd2 Rd6 18. Qc3 Qb4 19. Qxb4 Nxb4 20. Rb2 Rb6 21.
Ne5 Bxg2 22. Kxg2 Nd5 23. Rc2 Rd8 24. e3 f6 25. Nd3 Nb4 26. Nxb4 Rxb4 27. Rac1
Kf7 28. Kf3 Rd5 29. Rc4 Rf5+ 30. Ke2 Rb2+ 31. R1c2 Rxc2+ 32. Rxc2 Ra5 33. Kd3 g5
34. g4 Ke6 35. Rb2 b6 36. Ke4 Kd6 37. f4 h6 38. Rc2 Ra3 39. Rb2 Ra5 40. h3 Ra3
41. h4 gxh4 42. Rh2 b5 43. Rxh4 Rxa2 44. Rxh6 Kd7 45. g5 fxg5 46. fxg5 b4 47. g6
Ke6 48. g7+ Kf7 49. Rg6 Kg8 50. Re6 a5 51. Rxe7 a4 52. Rb7 Rb2 53. Ra7 a3 54.
Kd3 a2 55. d5 Rb3+ 0-1

[Event "London Classic Open 2016"]
[Site "London ENG"]
[Date "2016.12.10"]
[Round "2.2"]
[White "Bacrot, Etienne"]
[Black "Zujev, Oleg"]
[Result "1-0"]
[WhiteTitle "GM"]
[WhiteElo "2689"]
[BlackElo "2340"]
[WhiteFideId "605506"]
[BlackFideId "12801585"]
[EventDate "2016.12.09"]

1. e4 c5 2. Nf3 e6 3. d4 cxd4 4. Nxd4 a6 5. c4 Nf6 6. Nc3 Qc7 7. Be2 Bb4 8. O-O
O-O 9. Qd3 Nc6 10. Nb3 Be7 11. Bd2 b6 12. Rac1 Ne5 13. Qg3 d6 14. Bh6 Ng6 15.
Be3 Bb7 16. f3 Rab8 17. Rfd1 Rfe8 18. Bf1 Rbc8 19. Nd4 Qb8 20. Na4 Ba8 21. Qf2
Nd7 22. Kh1 h5 23. a3 h4 24. b4 Bd8 25. Qd2 Bc7 26. Bg1 Rcd8 27. Qf2 Bb7 28. Qc2
Rc8 29. Qb3 Bd8 30. Rc2 Kh8 31. Qe3 Qa8 32. Nb3 Bc7 33. c5 bxc5 34. Nbxc5 Nxc5
35. bxc5 d5 36. e5 d4 37. Rxd4 h3 38. Rd7 Bc6 39. Rxf7 Bxa4 40. Rc4 hxg2+ 41.
Bxg2 Kg8 42. Rxc7 Rxc7 43. Rxa4 Ne7 44. f4 Nd5 45. Qd3 Rf7 46. f5 Rxf5 47. Rxa6
Qc8 48. Rxe6 Rxe6 49. Qxf5 Ne7 50. Qg4 Rxe5 51. Qxc8+ Nxc8 52. Bb7 Ne7 53. a4
Re1 54. a5 Ra1 55. a6 Kf7 56. Kg2 Ke6 57. Bd4 Ra2+ 58. Kf3 Nd5 59. c6 Nc7 60. a7
Nb5 61. Ke4 Nxa7 62. Bxa7 Rxa7 63. c7 Ra4+ 64. Kd3 Ra8 65. Bxa8 Kd7 66. Ke4 Kxc7
67. Kf5 Kd6 68. Kg6 Ke5 69. h4 Kf4 70. h5 1-0

[Event "London Classic Open 2016"]
[Site "London ENG"]
[Date "2016.12.10"]
[Round "2.4"]
[White "Smirin, Ilia"]
[Black "Moen, Andreas"]
[Result "1-0"]
[WhiteTitle "GM"]
[BlackTitle "IM"]
[WhiteElo "2669"]
[BlackElo "2327"]
[WhiteFideId "2801990"]
[BlackFideId "1501453"]
[EventDate "2016.12.09"]

1. c4 Nf6 2. Nc3 c6 3. e4 d5 4. exd5 cxd5 5. d4 g6 6. cxd5 Bg7 7. Qb3 O-O 8.
Nge2 Na6 9. g3 Qb6 10. Bg2 Qxb3 11. axb3 Nb4 12. O-O Rd8 13. Ra5 a6 14. Rc5 Bg4
15. Rc7 Rd7 16. Rxd7 Bxd7 17. Bf4 Bf8 18. Be5 Rd8 19. d6 Bc6 20. Rd1 Bxg2 21.
Kxg2 Nfd5 22. dxe7 Bxe7 23. Kf3 Nc6 24. Nxd5 Rxd5 25. Bf4 Bf6 26. Be3 Rb5 27.
Nc1 Kf8 28. Ke4 Na5 29. Rd3 Ke7 30. Rc3 Kd7 31. g4 Be7 32. f4 Bb4 33. Rd3 f5+
34. gxf5 gxf5+ 35. Kf3 Ke6 36. Bf2 Bd6 37. Be1 Nc6 38. Ne2 Ne7 39. Re3+ Kf7 40.
Kf2 Nd5 41. Rh3 Nxf4 42. Rxh7+ Kg8 43. Rd7 Nd3+ 44. Ke3 Nxe1 45. Rxd6 Rxb3+ 46.
Kf4 Rxb2 47. Ng3 Rxh2 48. Nxf5 Nd3+ 49. Ke4 Nb4 50. Ke5 Nc6+ 51. Kf6 Rh7 52. d5
Rf7+ 53. Kg5 Ne5 54. Re6 Nf3+ 55. Kg6 Kf8 56. Re3 Nd2 57. Rh3 Rxf5 58. Kxf5 Ke7
59. Ke5 Nc4+ 60. Kd4 Nd6 61. Rh7+ Kd8 62. Ke5 Ne8 63. d6 1-0

[Event "London Classic Open 2016"]
[Site "London ENG"]
[Date "2016.12.10"]
[Round "2.5"]
[White "Paterek, Michal"]
[Black "Iturrizaga Bonelli, Eduardo"]
[Result "1/2-1/2"]
[WhiteTitle "FM"]
[BlackTitle "GM"]
[WhiteElo "2311"]
[BlackElo "2652"]
[WhiteFideId "1116142"]
[BlackFideId "3901211"]
[EventDate "2016.12.09"]

1. d4 Nf6 2. Nf3 c5 3. d5 b5 4. c4 Bb7 5. Qc2 Na6 6. a3 Qa5+ 7. Bd2 Nb4 8. Qc1
bxc4 9. Nc3 Qc7 10. axb4 cxb4 11. Na4 e6 12. Bf4 d6 13. dxe6 fxe6 14. e3 Rc8 15.
Be2 Be7 16. O-O O-O 17. Rd1 Qc6 18. Qd2 g5 19. Bg3 g4 20. Ne1 a5 21. Qd4 Kg7 22.
Bxg4 e5 23. Bxe5 dxe5 24. Qxe5 Qc7 25. Qg5+ Kh8 26. Bxc8 Ne4 27. Qg4 Nxf2 28.
Qd4+ Bf6 29. Qf4 Qxf4 30. exf4 Nxd1 31. Bxb7 Bd4+ 32. Kf1 Rxf4+ 33. Bf3 Nxb2 34.
Nxb2 Bxb2 35. Rxa5 b3 36. Rb5 Bc3 37. Rd5 Rf8 38. Rd1 Re8 39. Be2 b2 40. Nc2 Ra8
41. Bxc4 Ra1 1/2-1/2

[Event "London Classic Open 2016"]
[Site "London ENG"]
[Date "2016.12.10"]
[Round "2.6"]
[White "Gupta, Abhijeet"]
[Black "Sowray, Peter J"]
[Result "1-0"]
[WhiteTitle "GM"]
[BlackTitle "FM"]
[WhiteElo "2634"]
[BlackElo "2307"]
[WhiteFideId "5010608"]
[BlackFideId "400971"]
[EventDate "2016.12.09"]

1. Nf3 g6 2. c4 Bg7 3. Nc3 d6 4. d4 e5 5. e4 Nc6 6. Be3 Nf6 7. d5 Ne7 8. h3 Nh5
9. g4 Nf4 10. Qd2 h6 11. Bxf4 exf4 12. Qxf4 O-O 13. Qd2 c6 14. O-O-O cxd5 15.
cxd5 Bd7 16. Kb1 Nc8 17. Bd3 Nb6 18. Rc1 Rc8 19. Rc2 Nc4 20. Bxc4 Rxc4 21. Qd3
b5 22. Nd2 Rc7 23. Rhc1 Qf6 24. Nd1 Rxc2 25. Rxc2 b4 26. Nb3 Rb8 27. Qe3 Re8 28.
f3 Ba4 29. Nf2 Kh7 30. Nd3 Bb5 31. Nxb4 Qh4 32. Nd4 Qxh3 33. Nxb5 Qf1+ 34. Qc1
Qxb5 35. Rc4 a5 36. Nd3 a4 37. a3 f5 38. gxf5 gxf5 39. Qc2 fxe4 40. fxe4 Rb8 41.
Rb4 Qe8 42. Rxb8 Qxb8 43. Qxa4 Qb6 44. Qc2 Qg1+ 45. Ka2 Qd4 46. Nb4 Qc5 47. Qxc5
dxc5 48. Nc6 h5 49. d6 Bf6 50. e5 Bg5 51. e6 Kg7 52. e7 Kf7 53. Nd8+ Ke8 54. Ne6 1-0

[Event "London Classic Open 2016"]
[Site "London ENG"]
[Date "2016.12.10"]
[Round "2.7"]
[White "Franklin, Samuel G A"]
[Black "Melkumyan, Hrant"]
[Result "0-1"]
[WhiteTitle "FM"]
[BlackTitle "GM"]
[WhiteElo "2310"]
[BlackElo "2633"]
[WhiteFideId "468576"]
[BlackFideId "13302485"]
[EventDate "2016.12.09"]

1. e4 c5 2. Nf3 Nc6 3. d4 cxd4 4. Nxd4 g6 5. c4 Nf6 6. Nc3 d6 7. Be2 Nxd4 8.
Qxd4 Bg7 9. Be3 O-O 10. Qd2 a5 11. Rc1 a4 12. f3 Qa5 13. O-O Be6 14. Rfd1 Rfc8
15. Nb5 Nd7 16. Nd4 Nc5 17. Rc2 Bd7 18. Bf1 Qxd2 19. Rdxd2 Na6 20. b3 Nb4 21.
Rc1 a3 22. Rcd1 Ra5 23. Kf2 h5 24. g3 h4 25. Be2 Bf6 26. f4 Kh7 27. Kg2 Rh8 28.
Bf3 hxg3 29. hxg3 Kg8 30. Ne2 Bc6 31. Bb6 Ra6 32. Bd4 Bxd4 33. Nxd4 Kg7 34. Ra1
Ra5 35. Nc2 Nxc2 36. Rxc2 b6 37. Re2 Rc5 38. Rh1 Rxh1 39. Kxh1 b5 40. cxb5 Bxb5
41. Rd2 Rc3 42. Kg2 Bc6 43. Kf2 f5 44. Re2 e5 45. Bg2 Bb5 46. Rd2 Bd3 47. exf5
gxf5 48. Bf1 Bxf1 49. Kxf1 Rxg3 50. Rxd6 Rf3+ 51. Ke2 Rxf4 52. Ra6 Rh4 53. Rxa3
Kf6 54. Ra8 Kg5 55. Kf2 Kf4 56. Kg2 e4 57. a4 Ke3 58. a5 f4 59. a6 f3+ 60. Kg3
Rh6 61. a7 Rg6+ 62. Kh3 Rg7 0-1

[Event "London Classic Open 2016"]
[Site "London ENG"]
[Date "2016.12.10"]
[Round "2.8"]
[White "Hovhannisyan, Robert"]
[Black "Mirzoyan, David"]
[Result "1-0"]
[WhiteTitle "GM"]
[BlackTitle "FM"]
[WhiteElo "2630"]
[BlackElo "2299"]
[WhiteFideId "13302507"]
[BlackFideId "13308386"]
[EventDate "2016.12.09"]

1. c4 c5 2. Nf3 Nf6 3. Nc3 e6 4. e3 Nc6 5. d4 cxd4 6. exd4 d5 7. c5 Be7 8. Bb5
Bd7 9. O-O O-O 10. Re1 a6 11. Bxc6 Bxc6 12. Ne5 Nd7 13. Bf4 Nxe5 14. Bxe5 f6 15.
Bg3 e5 16. Na4 Qe8 17. Nb6 Rd8 18. b4 Qg6 19. a4 h5 20. Qb3 h4 21. Bxh4 Qg4 22.
Bg3 Qxd4 23. Red1 Qg4 24. b5 axb5 25. axb5 Bxc5 26. bxc6 bxc6 27. Rac1 Bxb6 28.
Qxb6 Rd6 29. f4 exf4 30. Qb4 Re6 31. Qxf4 Qxf4 32. Bxf4 Rfe8 33. Bg3 Kf7 34. Rd2
Ra8 35. Bf2 Ra6 36. h3 Re7 37. Kh2 Re4 38. Rdc2 Re6 39. Rb1 Re7 40. Bc5 Rd7 41.
Rb4 Kg6 42. Rc3 Kf7 43. h4 Kg6 44. Rg3+ Kh7 45. Rbg4 Rf7 46. Rc3 Rd7 47. Kh3 Ra1
48. Rb4 Rd1 49. Rd4 Re1 50. Rdd3 Re4 51. Bf2 Rd6 52. Rc2 Rde6 53. Rdc3 Re2 54.
Rxe2 Rxe2 55. Be3 Kg6 56. Kg3 Re1 57. Kf3 d4 58. Bxd4 Re6 59. Be3 Rd6 60. Bf4
Re6 61. Re3 1-0

[Event "London Classic Open 2016"]
[Site "London ENG"]
[Date "2016.12.10"]
[Round "2.9"]
[White "Gomes, Mary Ann"]
[Black "Maze, Sebastien"]
[Result "0-1"]
[WhiteTitle "WGM"]
[BlackTitle "GM"]
[WhiteElo "2302"]
[BlackElo "2608"]
[WhiteFideId "5013623"]
[BlackFideId "613762"]
[EventDate "2016.12.09"]

1. Nf3 Nf6 2. g3 g6 3. b3 Bg7 4. Bb2 d6 5. d4 O-O 6. Bg2 a5 7. Nc3 c6 8. O-O b5
9. a3 Qc7 10. Ne1 Ba6 11. Nd3 Nbd7 12. a4 b4 13. Nb1 Rab8 14. Nd2 Nd5 15. Nb1 e6
16. e4 Ne7 17. Re1 Qa7 18. e5 dxe5 19. dxe5 Rfd8 20. Qf3 Qc7 21. Nd2 Bxd3 22.
cxd3 Nxe5 23. Bxe5 Bxe5 24. Rac1 Bc3 25. Red1 Nf5 26. Rb1 Nd4 27. Qe3 Bxd2 28.
Qxd2 Qe5 29. Re1 Qf6 30. Qc1 Qf5 31. Qc4 Rd6 32. Re3 Rbd8 33. Rbe1 Qg5 34. f4
Qe7 35. Re5 Qa7 36. Kh1 h5 37. Be4 Kg7 38. Rb1 h4 39. gxh4 Rh8 40. h5 f5 41. Bg2
Rxh5 42. Qc5 Qe7 43. Re3 Qd8 44. h3 Kh7 45. Re5 Rd7 46. Qxa5 Qh4 47. Qxb4 Qxf4
48. Rbe1 Qh6 49. Rxe6 Rxh3+ 50. Bxh3 Qxh3+ 51. Kg1 Qg3+ 52. Kh1 Nf3 0-1

[Event "London Classic Open 2016"]
[Site "London ENG"]
[Date "2016.12.10"]
[Round "2.10"]
[White "Tarhon, Brian"]
[Black "Cornette, Matthieu"]
[Result "1/2-1/2"]
[WhiteTitle "FM"]
[BlackTitle "GM"]
[WhiteElo "2299"]
[BlackElo "2597"]
[WhiteFideId "423190"]
[BlackFideId "620084"]
[EventDate "2016.12.09"]

1. e4 c5 2. Nf3 Nc6 3. d4 cxd4 4. Nxd4 g6 5. Be3 Bg7 6. c4 Nf6 7. Nc3 d6 8. Be2
O-O 9. O-O Bd7 10. Rc1 Nxd4 11. Bxd4 Bc6 12. Qd3 a5 13. b3 Nd7 14. Bxg7 Kxg7 15.
Rfd1 Re8 16. a3 b6 17. b4 axb4 18. axb4 Ra3 19. Qd4+ Kg8 20. Ra1 Qa8 21. Nd5
Rxa1 22. Rxa1 Qb7 23. f3 Qb8 24. Ra6 Bxd5 25. cxd5 Rc8 26. Ra1 b5 27. h3 Ne5 28.
Qa7 Rc1+ 29. Kf2 Qc8 30. Rxc1 Qxc1 31. Qxe7 Qd2 32. Qe8+ Kg7 33. Qxb5 h5 34. Kf1
Qc1+ 35. Kf2 Qd2 36. Kf1 Qc1+ 37. Kf2 1/2-1/2